00849nam a2200229 i 450000100060000000300090000600500170001500700030003200800410003508000290007610000340010524500980013926000510023730000280028849000270031665000410034370000280038483000350041285200330044799900170048095201220049714999ES-MaACL20230906150948.0t|991125s1999 cu ||||1| spa d a739.4(729.1 L.H.)"18/19"1 aPérez Arago, Ileana.99064110aPortafaroles coloniales de La Habana intramural / cde Ileana Pérez Arago y Eddy Oña Era. aMatanzas (Cuba) : bEdiciones Vigía, c1999. a71 p. : bil ; c27 cm.1 aColección Del Estero14aForja-zLa Habana-yS.XIX-XX.9129251 aOña Era, Eddy.9871060 aColección Del Estero9228549 aES-MaACLjL-22130 bR.127570 c14999d14999 00104070aATENEOMbATENEOMcDEPO2d2008-01-17eSCl0oL-22130p1015253r2023-02-23 00:00:00w2023-02-23yMONOGRAFIA